[Event "2. Bundesliga Ost 2013/2014"]
[Site "Wien"]
[Date "2013.10.05"]
[Round "1"]
[Board "1"]
[White "Markos, Jan"]
[Black "Videki, Sandor"]
[Result "1-0"]
[WhiteElo "2584"]
[BlackElo "2434"]
[PlyCount "81"]
[EventDate "2013.10.05"]
[EventType "team"]
[EventRounds "11"]
[EventCountry "AUT"]
[WhiteTeam "ASVOE Pamhagen"]
[BlackTeam "Spg Data Technology Eichgraben/P."]

1. Nf3 Nf6 2. g3 g6 3. Bg2 Bg7 4. O-O O-O 5. c4 d6 6. d4 c6 7. Nc3 Bf5 8. Nh4
Be6 9. d5 cxd5 10. cxd5 Bd7 11. Be3 Ng4 12. Bd4 Bxd4 13. Qxd4 Qb6 14. Nf3 Qxd4
15. Nxd4 Na6 16. h3 Nf6 17. Rad1 Nc5 18. f4 Rfc8 19. e4 Na4 20. Nxa4 Bxa4 21.
b3 Be8 22. e5 Nh5 23. Rd3 Rc7 24. Re3 Ng7 25. Rfe1 Kf8 26. g4 Rd8 27. e6 fxe6
28. dxe6 Rdc8 29. Bd5 Kg8 30. b4 a6 31. Kf2 Bb5 32. Nxb5 axb5 33. Ra3 b6 34.
Ra6 Rb8 35. a4 bxa4 36. Rxa4 Rf8 37. b5 Rc5 38. Bc6 Ne8 39. Ra7 d5 40. Rxe7 Nd6
41. Rd7 1-0

[Event "2. Bundesliga Ost 2013/2014"]
[Site "Wien"]
[Date "2013.10.05"]
[Round "1"]
[Board "2"]
[White "Ganaus, Hannes"]
[Black "Lipka, Juraj"]
[Result "1/2-1/2"]
[WhiteElo "2302"]
[BlackElo "2419"]
[PlyCount "59"]
[EventDate "2013.10.05"]
[EventType "team"]
[EventRounds "11"]
[EventCountry "AUT"]
[WhiteTeam "Spg Data Technology Eichgraben/P."]
[BlackTeam "ASVOE Pamhagen"]

1. d4 e6 2. e4 d5 3. exd5 exd5 4. Nf3 Nf6 5. Bg5 Bd6 6. Bd3 O-O 7. O-O Bg4 8.
Nbd2 Nbd7 9. c3 c6 10. Qc2 Qc7 11. Rfe1 Rfe8 12. Bh4 Bh5 13. Bg3 Bg6 14. Bxg6
hxg6 15. Bxd6 Qxd6 16. g3 Rxe1+ 17. Rxe1 Re8 18. Rxe8+ Nxe8 19. Kg2 Nc7 20. Nf1
Qe7 21. Ne3 Nb5 22. Nd2 Nd6 23. Qd3 Nf6 24. f3 Nd7 25. Kf2 Kf8 26. Nd1 Qe6 27.
Ne3 Qh3 28. Kg1 Qe6 29. Kf2 Qh3 30. Kg1 1/2-1/2

[Event "2. Bundesliga Ost 2013/2014"]
[Site "Wien"]
[Date "2013.10.05"]
[Round "1"]
[Board "3"]
[White "Maslik, Miroslav"]
[Black "Rumpl, Erwin"]
[Result "0-1"]
[WhiteElo "2366"]
[BlackElo "2308"]
[PlyCount "78"]
[EventDate "2013.10.05"]
[EventType "team"]
[EventRounds "11"]
[EventCountry "AUT"]
[WhiteTeam "ASVOE Pamhagen"]
[BlackTeam "Spg Data Technology Eichgraben/P."]

1. d4 Nf6 2. c4 c5 3. d5 e6 4. Nc3 exd5 5. cxd5 d6 6. e4 g6 7. Nf3 Bg7 8. h3
O-O 9. Bd3 Nh5 10. O-O Nd7 11. Bg5 Bf6 12. Bh6 Bg7 13. Bxg7 Kxg7 14. Qd2 Qf6
15. Ne2 h6 16. Rac1 g5 17. Qc3 Qxc3 18. Rxc3 Kf6 19. Rb1 Ne5 20. Nxe5 Kxe5 21.
b4 b6 22. g4 Nf4 23. Nxf4 gxf4 24. f3 Bd7 25. Ba6 Rab8 26. a4 h5 27. bxc5 bxc5
28. Rcb3 Rxb3 29. Rxb3 hxg4 30. hxg4 Bxa4 31. Rb7 Kd4 32. Rxa7 Bd1 33. Kf2 Rb8
34. Rxf7 Rb2+ 35. Kg1 Bxf3 36. Rxf4 Bxe4 37. Bc8 Ke3 38. Rf6 Rg2+ 39. Kf1 Rh2
 0-1

[Event "2. Bundesliga Ost 2013/2014"]
[Site "Wien"]
[Date "2013.10.05"]
[Round "1"]
[Board "4"]
[White "Neumeier, Klaus"]
[Black "Vitouch, Anatol"]
[Result "1-0"]
[WhiteElo "2296"]
[BlackElo "2270"]
[PlyCount "103"]
[EventDate "2013.10.05"]
[EventType "team"]
[EventRounds "11"]
[EventCountry "AUT"]
[WhiteTeam "Spg Data Technology Eichgraben/P."]
[BlackTeam "ASVOE Pamhagen"]

1. d4 d6 2. e4 Nf6 3. Nc3 e5 4. dxe5 dxe5 5. Qxd8+ Kxd8 6. Bg5 Be6 7. O-O-O+
Nbd7 8. f4 exf4 9. Nf3 Bb4 10. e5 Bxc3 11. bxc3 h6 12. Bh4 g5 13. Nxg5 hxg5 14.
Bxg5 Rh5 15. Bxf6+ Ke8 16. Rxd7 Kxd7 17. Be2 Rf5 18. Rd1+ Kc6 19. Bf3+ Kb6 20.
h4 Rxf6 21. exf6 c5 22. h5 Rh8 23. Rh1 Kc7 24. Rh4 Kd6 25. Rxf4 Ke5 26. Ra4 a6
27. Ra5 Kd6 28. Bxb7 Kc7 29. Bf3 Kb6 30. Ra4 c4 31. Rb4+ Kc5 32. Rb7 Rh6 33. a4
Rxf6 34. a5 Bf5 35. Be2 Be4 36. Rc7+ Kd6 37. Rxc4 Bxg2 38. Rh4 Rh6 39. Bxa6 Ke5
40. Be2 f5 41. a6 f4 42. a7 Ba8 43. Rh3 Kf5 44. c4 Kg5 45. c5 Rh7 46. Ra3 Rc7
47. Ra5 Kh4 48. h6 Kg3 49. Ra3+ Kf2 50. Bf3 Rc8 51. Bxa8 Rxa8 52. h7 1-0

[Event "2. Bundesliga Ost 2013/2014"]
[Site "Wien"]
[Date "2013.10.05"]
[Round "1"]
[Board "5"]
[White "Jacko, Vladimir"]
[Black "Pichler, Michael"]
[Result "1-0"]
[WhiteElo "2281"]
[BlackElo "2243"]
[PlyCount "109"]
[EventDate "2013.10.05"]
[EventType "team"]
[EventRounds "11"]
[EventCountry "AUT"]
[WhiteTeam "ASVOE Pamhagen"]
[BlackTeam "Spg Data Technology Eichgraben/P."]

1. d4 e6 2. Nf3 Nf6 3. Bg5 d5 4. Nbd2 c5 5. e3 Nbd7 6. c3 Qc7 7. Bd3 Bd6 8. O-O
O-O 9. Qe2 e5 10. dxe5 Bxe5 11. Nxe5 Qxe5 12. Bf4 Qe6 13. Nf3 h6 14. c4 b6 15.
Rad1 Bb7 16. h3 Rfe8 17. b3 d4 18. Rfe1 g5 19. Bh2 dxe3 20. Qxe3 Qxe3 21. Rxe3
Rxe3 22. fxe3 Re8 23. Bf5 Bxf3 24. gxf3 Ne5 25. Kf2 Kg7 26. Rd6 Re7 27. Rd8 Ne8
28. Rd5 Kf6 29. Bc2 Re6 30. f4 gxf4 31. exf4 Nc6 32. f5 Re7 33. Bb1 Nd4 34. Bd3
Nc6 35. a3 Kg7 36. Bd6 Rb7 37. Bg3 Re7 38. Bd6 Rb7 39. Bg3 Re7 40. Bh4 f6 41.
Bg3 Ne5 42. Bc2 Rd7 43. Rxd7+ Nxd7 44. Ke3 Kf7 45. Ke4 Ke7 46. Kd5 Ne5 47. Bxe5
fxe5 48. Kxe5 Nf6 49. b4 cxb4 50. axb4 a5 51. bxa5 bxa5 52. c5 Nd7+ 53. Kd5 Nb8
54. c6 Na6 55. Ke5 1-0

[Event "2. Bundesliga Ost 2013/2014"]
[Site "Wien"]
[Date "2013.10.05"]
[Round "1"]
[Board "1"]
[White "Lendwai, Reinhard"]
[Black "Szabo, Krisztian"]
[Result "0-1"]
[WhiteElo "2379"]
[BlackElo "2558"]
[PlyCount "80"]
[EventDate "2013.10.05"]
[EventType "team"]
[EventRounds "11"]
[EventCountry "AUT"]
[WhiteTeam "Raiffeisen Waehring"]
[BlackTeam "ASVOE Mattersburg"]

1. d4 Nf6 2. c4 g6 3. Nc3 Bg7 4. e4 d6 5. f3 O-O 6. Bg5 c5 7. d5 h6 8. Be3 e6
9. Qd2 exd5 10. cxd5 h5 11. Bd3 Re8 12. Nge2 Nbd7 13. O-O Ne5 14. Rab1 Nfd7 15.
b3 Nxd3 16. Qxd3 Ne5 17. Qd2 a6 18. Bg5 f6 19. Bh6 Bh8 20. Be3 b5 21. h3 b4 22.
Nd1 f5 23. Nf2 Ra7 24. f4 Nd7 25. e5 dxe5 26. fxe5 Rxe5 27. Nf4 Qe8 28. Rbe1
Qf7 29. Kh1 Bb7 30. N2d3 Re4 31. Nxc5 Nxc5 32. Bxc5 Bc3 33. Qd1 Bxe1 34. Bxa7
Bc3 35. Ne6 Bf6 36. Nc5 Rd4 37. Qc2 Bxd5 38. Nd7 Bxg2+ 39. Qxg2 Rxd7 40. Bc5
Bc3 0-1

[Event "2. Bundesliga Ost 2013/2014"]
[Site "Wien"]
[Date "2013.10.05"]
[Round "1"]
[Board "3"]
[White "Juraczka, Franz"]
[Black "Fodor, Tamas"]
[Result "0-1"]
[WhiteElo "2240"]
[BlackElo "2458"]
[PlyCount "86"]
[EventDate "2013.10.05"]
[EventType "team"]
[EventRounds "11"]
[EventCountry "AUT"]
[WhiteTeam "Raiffeisen Waehring"]
[BlackTeam "ASVOE Mattersburg"]

1. Nf3 d5 2. d4 Nf6 3. c4 c6 4. cxd5 cxd5 5. Nc3 Nc6 6. Bf4 a6 7. e3 e6 8. Bd3
Be7 9. h3 O-O 10. O-O Bd7 11. Rc1 Rc8 12. Ne5 Be8 13. a3 Nxe5 14. dxe5 Nd7 15.
Qc2 h6 16. Qe2 Rc6 17. Bb1 Bg5 18. Bh2 g6 19. Na2 Nb6 20. Rxc6 Bxc6 21. Rd1 Ba4
22. Rd4 Bb5 23. Qg4 h5 24. Qd1 Nc4 25. e4 Qb6 26. Rxc4 dxc4 27. g4 Rd8 28. Qf3
h4 29. Nc3 Rd2 30. Bf4 Bxf4 31. Qxf4 Rxb2 32. Qf6 Rb3 33. Nd5 Rxb1+ 34. Kg2 Qc5
35. Ne7+ Kf8 36. Nxg6+ Ke8 37. Nxh4 c3 38. g5 Qe7 39. Qh8+ Qf8 40. Qf6 c2 41.
g6 c1=Q 42. gxf7+ Qxf7 43. Qh8+ Kd7 0-1

[Event "2. Bundesliga Ost 2013/2014"]
[Site "Wien"]
[Date "2013.10.05"]
[Round "1"]
[Board "4"]
[White "Brod, Manfred"]
[Black "Todor, Razvan"]
[Result "1/2-1/2"]
[WhiteElo "2237"]
[BlackElo "2161"]
[PlyCount "60"]
[EventDate "2013.10.05"]
[EventType "team"]
[EventRounds "11"]
[EventCountry "AUT"]
[WhiteTeam "ASVOE Mattersburg"]
[BlackTeam "Raiffeisen Waehring"]

1. e4 c5 2. Nf3 d6 3. d4 cxd4 4. Nxd4 Nf6 5. Nc3 a6 6. h3 e6 7. g4 Nc6 8. Bg2
Qc7 9. a4 h6 10. O-O Be7 11. Be3 O-O 12. f4 Nxd4 13. Qxd4 e5 14. Qd2 exf4 15.
Rxf4 Be6 16. Nd5 Bxd5 17. exd5 Nd7 18. Rf5 Ne5 19. b3 Rfe8 20. Raf1 Bf8 21. g5
hxg5 22. Bxg5 Rac8 23. R5f2 Qc3 24. Qd1 Rc7 25. Kh1 Ng6 26. Qf3 Qxf3 27. Bxf3
Be7 28. Rc1 Ne5 29. Bxe7 Nxf3 30. Rxf3 Rcxe7 1/2-1/2

[Event "2. Bundesliga Ost 2013/2014"]
[Site "Wien"]
[Date "2013.10.05"]
[Round "1"]
[Board "6"]
[White "Salamon, Werner"]
[Black "Dragnev, Valentin"]
[Result "0-1"]
[WhiteElo "2122"]
[BlackElo "2037"]
[PlyCount "96"]
[EventDate "2013.10.05"]
[EventType "team"]
[EventRounds "11"]
[EventCountry "AUT"]
[WhiteTeam "ASVOE Mattersburg"]
[BlackTeam "Raiffeisen Waehring"]

1. e4 e5 2. Nf3 Nc6 3. Bb5 a6 4. Bxc6 dxc6 5. O-O Bg4 6. h3 Bh5 7. g4 Bg6 8.
Nxe5 Qh4 9. Qf3 f6 10. Nxg6 hxg6 11. Kg2 g5 12. Qg3 Qh7 13. d3 Bd6 14. f4 Ne7
15. Na3 Ng6 16. e5 gxf4 17. Bxf4 Nxf4+ 18. Rxf4 Bxe5 19. Re1 O-O-O 20. Rxe5
fxe5 21. Re4 Rhf8 22. Nc4 Rd4 23. Rxe5 Rdf4 24. Re8+ Rxe8 25. Qxf4 Qh4 26. Qf5+
Kb8 27. Ne5 Qe1 28. d4 c5 29. Qf7 Qe4+ 30. Kg3 Qe1+ 31. Kg2 Rd8 32. Nd7+ Ka8
33. Nxc5 Rxd4 34. Nd3 Qe4+ 35. Kg3 Qe3+ 36. Kg2 Re4 37. Qxc7 Qd2+ 38. Nf2 Rf4
39. Qc8+ Ka7 40. Qc5+ Kb8 41. Qe5+ Ka8 42. Qc5 Rf7 43. a4 Qf4 44. a5 Rc7 45.
Qb6 Rxc2 46. b4 Qd2 47. Kg3 Rc6 48. Ne4 Qd3+ 0-1

[Event "2. Bundesliga Ost 2013/2014"]
[Site "Wien"]
[Date "2013.10.05"]
[Round "1"]
[Board "1"]
[White "Csonka, Attila"]
[Black "Kummer, Helmut"]
[Result "0-1"]
[WhiteElo "2387"]
[BlackElo "2331"]
[PlyCount "150"]
[EventDate "2013.10.05"]
[EventType "team"]
[EventRounds "11"]
[EventCountry "AUT"]
[WhiteTeam "SGM Sparkasse Ternitz"]
[BlackTeam "Purbach"]

1. e4 e5 2. d4 exd4 3. Qxd4 Nc6 4. Qe3 d6 5. Nc3 Nf6 6. Bd2 g6 7. O-O-O Bg7 8.
f3 O-O 9. Bc4 Be6 10. Bxe6 fxe6 11. Nge2 Qd7 12. Qg5 Ne5 13. Nf4 Nc4 14. h4
Nxd2 15. Rxd2 Qf7 16. Nce2 a6 17. h5 Nxh5 18. Nxh5 gxh5 19. Qxh5 Qxh5 20. Rxh5
Rf6 21. Kd1 Raf8 22. c3 Rg6 23. Nd4 Be5 24. Ke1 Rff6 25. Nc2 Rh6 26. Rxh6 Rxh6
27. Rd1 Bg3+ 28. Ke2 Kf7 29. Ne3 Rh5 30. Nf1 Be5 31. g3 Bg7 32. f4 Ke7 33. Kf3
Rh6 34. Rd2 b5 35. Kg2 Rf6 36. Ne3 Rf8 37. Kf3 h6 38. Kg4 Rb8 39. Kh5 b4 40. c4
b3 41. a3 a5 42. Ng4 a4 43. f5 Rg8 44. Kh4 Rf8 45. Ne3 Bf6+ 46. Kg4 Bg5 47. Re2
Rg8 48. Kf3 Bxe3 49. Rxe3 h5 50. c5 dxc5 51. fxe6 Rf8+ 52. Ke2 Kxe6 53. Rc3 Kd6
54. Rc4 Ra8 55. Ke3 Kc6 56. e5 Kd5 57. Rh4 Rg8 58. Rxh5 Rxg3+ 59. Kd2 Rg2+ 60.
Kc1 Rc2+ 61. Kb1 Re2 62. e6+ Kd4 63. Rh1 Rxe6 64. Rd1+ Kc4 65. Rc1+ Kd3 66.
Rd1+ Ke2 67. Rd5 c4 68. Rd4 Rg6 69. Rxc4 Rg1+ 70. Rc1 Rxc1+ 71. Kxc1 Ke1 72.
Kb1 Kd2 73. Ka1 c5 74. Kb1 c4 75. Ka1 c3 0-1

[Event "2. Bundesliga Ost 2013/2014"]
[Site "Wien"]
[Date "2013.10.05"]
[Round "1"]
[Board "2"]
[White "Heiny, Johannes"]
[Black "Schwarhofer, Christopher"]
[Result "1/2-1/2"]
[WhiteElo "2297"]
[BlackElo "2310"]
[PlyCount "75"]
[EventDate "2013.10.05"]
[EventType "team"]
[EventRounds "11"]
[EventCountry "AUT"]
[WhiteTeam "Purbach"]
[BlackTeam "SGM Sparkasse Ternitz"]

1. d4 Nf6 2. c4 g6 3. Nc3 Bg7 4. e4 d6 5. Nf3 O-O 6. Be2 Bg4 7. Be3 Nfd7 8. Ng1
Bxe2 9. Ngxe2 e5 10. O-O Nc6 11. d5 Ne7 12. b4 f5 13. f3 Nf6 14. c5 Qd7 15. Qd3
h5 16. b5 b6 17. cxd6 cxd6 18. a4 h4 19. h3 Nh5 20. a5 Nc8 21. Qc4 Qd8 22. Qc6
Ne7 23. Qb7 bxa5 24. Qa6 Nc8 25. Qxa5 Bf6 26. Qxd8 Bxd8 27. Ra6 Rf7 28. Rfa1
Rb7 29. Kf1 f4 30. Bf2 Ng3+ 31. Ke1 Nxe2 32. Kxe2 Kf7 33. Kd3 g5 34. R1a2 Ke7
35. Kc4 Bb6 36. Bxb6 Nxb6+ 37. Kb4 Nd7 38. Na4 1/2-1/2

[Event "2. Bundesliga Ost 2013/2014"]
[Site "Wien"]
[Date "2013.10.05"]
[Round "1"]
[Board "4"]
[White "Wiedermann, Daniel"]
[Black "Nemeth, Denes"]
[Result "1/2-1/2"]
[WhiteElo "2164"]
[BlackElo "2275"]
[PlyCount "111"]
[EventDate "2013.10.05"]
[EventType "team"]
[EventRounds "11"]
[EventCountry "AUT"]
[WhiteTeam "Purbach"]
[BlackTeam "SGM Sparkasse Ternitz"]

1. d4 Nf6 2. c4 e6 3. Nc3 Bb4 4. Qc2 O-O 5. e4 c5 6. e5 cxd4 7. a3 dxc3 8. axb4
Ng4 9. Bd3 f5 10. exf6 Qxf6 11. Bxh7+ Kh8 12. Nf3 Nc6 13. bxc3 Nce5 14. O-O
Nxf3+ 15. gxf3 Qxf3 16. Be4 Qf6 17. Qe2 Qh4 18. f3 Nf6 19. c5 e5 20. Bc2 d5 21.
Qxe5 Bh3 22. Bg5 Nd7 23. Qe3 Qh5 24. Rf2 Rae8 25. Qd2 Rxf3 26. Rxf3 Qxf3 27.
Qf2 Qg4+ 28. Qg3 Qxg3+ 29. hxg3 Re2 30. Bb3 Rg2+ 31. Kh1 Rxg3 32. Bf4 Rf3 33.
Bd6 Nf6 34. Rxa7 Rxc3 35. Ra8+ Kh7 36. Ra3 Kg8 37. Be5 Rd3 38. Bxf6 gxf6 39.
Bxd5+ Rxd5 40. Rxh3 Rd2 41. Rc3 Rb2 42. c6 bxc6 43. Rxc6 Kf7 44. Rb6 Kg6 45. b5
Kg5 46. Rb8 Kg4 47. b6 Kg3 48. Rg8+ Kf3 49. Rb8 f5 50. Kg1 f4 51. Rb7 Rb1+ 52.
Kh2 Kf2 53. Rf7 f3 54. b7 Rb6 55. Kh3 Rh6+ 56. Kg4 1/2-1/2

[Event "2. Bundesliga Ost 2013/2014"]
[Site "Wien"]
[Date "2013.10.05"]
[Round "1"]
[Board "5"]
[White "Matevosyan, Andy"]
[Black "Heiny, Michael"]
[Result "1/2-1/2"]
[WhiteElo "2166"]
[BlackElo "2084"]
[PlyCount "90"]
[EventDate "2013.10.05"]
[EventType "team"]
[EventRounds "11"]
[EventCountry "AUT"]
[WhiteTeam "SGM Sparkasse Ternitz"]
[BlackTeam "Purbach"]

1. f4 d5 2. Nf3 Nf6 3. e3 g6 4. Be2 Bg7 5. O-O O-O 6. d3 c5 7. Nbd2 Nc6 8. e4
dxe4 9. Nxe4 b6 10. c3 Bb7 11. Qe1 Qc7 12. Qh4 Rad8 13. f5 Ne5 14. Bf4 Nxf3+
15. Rxf3 Qd7 16. Rh3 h5 17. Ng3 Rfe8 18. fxg6 fxg6 19. Qg5 Qd5 20. Nf1 Qxg5 21.
Bxg5 e5 22. Nd2 Rd6 23. Rf1 e4 24. dxe4 Nxe4 25. Nxe4 Bxe4 26. Re3 Bc6 27. Bc4+
Kh7 28. Rh3 Bd7 29. Rhf3 Bf5 30. Bf4 Rdd8 31. a4 Bh6 32. h3 Be4 33. R3f2 Bf5
34. a5 Re4 35. axb6 Rxc4 36. Bc7 axb6 37. Bxd8 Be3 38. Bxb6 Rf4 39. b4 Rxf2 40.
Rxf2 Bxf2+ 41. Kxf2 cxb4 42. cxb4 Kg7 43. Ke3 Kf7 44. Kd4 Ke6 45. Kc5 Kd7
 1/2-1/2

[Event "2. Bundesliga Ost 2013/2014"]
[Site "Wien"]
[Date "2013.10.05"]
[Round "1"]
[Board "6"]
[White "Zimmermann, Heinz"]
[Black "Braun, Karl-Heinz"]
[Result "1-0"]
[WhiteElo "2171"]
[BlackElo "2050"]
[PlyCount "95"]
[EventDate "2013.10.05"]
[EventType "team"]
[EventRounds "11"]
[EventCountry "AUT"]
[WhiteTeam "Purbach"]
[BlackTeam "SGM Sparkasse Ternitz"]

1. c4 e6 2. Nc3 d5 3. d4 Nf6 4. Nf3 Be7 5. Bg5 O-O 6. e3 Nbd7 7. cxd5 Nxd5 8.
Bxe7 Qxe7 9. Bd3 Nxc3 10. bxc3 e5 11. Qc2 h6 12. O-O exd4 13. cxd4 c6 14. Rab1
Nf6 15. Rfc1 Be6 16. a4 Rfc8 17. a5 Nd5 18. Qd2 Rab8 19. e4 Nf6 20. h3 b6 21.
axb6 Rxb6 22. Qa5 Rcb8 23. Ra1 R8b7 24. Ne5 Qe8 25. Rc3 g6 26. Rac1 Bd7 27. Bc4
Be6 28. Bxe6 Qxe6 29. Rxc6 Rxc6 30. Rxc6 Qe7 31. f3 Kg7 32. Qc3 Ne8 33. d5 f6
34. Nd3 Rc7 35. Nf4 Rxc6 36. dxc6 Qe5 37. Qe3 Nc7 38. Qc1 g5 39. Nd5 Kf7 40.
Kf1 Qd6 41. Qc4 Kf8 42. Qb3 Qxc6 43. Qb4+ Kg7 44. Qe7+ Kg6 45. Qxc7 Qa6+ 46.
Kf2 Qa1 47. Ne7+ Kh5 48. g4+ 1-0

[Event "2. Bundesliga Ost 2013/2014"]
[Site "Wien"]
[Date "2013.10.05"]
[Round "1"]
[Board "1"]
[White "Zilka, Stepan"]
[Black "Stohl, Igor"]
[Result "1/2-1/2"]
[WhiteElo "2525"]
[BlackElo "2526"]
[PlyCount "38"]
[EventDate "2013.10.05"]
[EventType "team"]
[EventRounds "11"]
[EventCountry "AUT"]
[WhiteTeam "Blackburne Nickelsdorf"]
[BlackTeam "SG Hietzing/Ottakring"]

1. d4 Nf6 2. c4 e6 3. Nf3 b6 4. g3 Bb7 5. Bg2 Be7 6. O-O O-O 7. d5 exd5 8. Nh4
c6 9. cxd5 Nxd5 10. Nf3 Nc7 11. e4 d5 12. Nc3 Bf6 13. exd5 cxd5 14. Re1 Nba6
15. Bf4 Bc8 16. Nd4 Bb7 17. Nf5 Bc8 18. Nd4 Bb7 19. Nf5 Bc8 1/2-1/2

[Event "2. Bundesliga Ost 2013/2014"]
[Site "Wien"]
[Date "2013.10.05"]
[Round "1"]
[Board "3"]
[White "Bachofner, Andreas"]
[Black "Penz, Harald"]
[Result "0-1"]
[WhiteElo "2222"]
[BlackElo "2324"]
[PlyCount "82"]
[EventDate "2013.10.05"]
[EventType "team"]
[EventRounds "11"]
[EventCountry "AUT"]
[WhiteTeam "Blackburne Nickelsdorf"]
[BlackTeam "SG Hietzing/Ottakring"]

1. e4 e5 2. Nf3 Nf6 3. Nxe5 d6 4. Nf3 Nxe4 5. Nc3 Nxc3 6. dxc3 Be7 7. Be3 Nc6
8. Qd2 Be6 9. O-O-O Qd7 10. Kb1 O-O-O 11. Bb5 a6 12. Be2 Ne5 13. Ng5 Bc4 14. f4
Bxg5 15. fxe5 Bxe3 16. Qxe3 Bxe2 17. Qxe2 Qe6 18. Rde1 dxe5 19. Qe3 f6 20. b3
Kb8 21. h4 Rd7 22. h5 h6 23. Qe4 Rhd8 24. g4 Rd2 25. Kb2 Qd5 26. Qg6 Qd3 27.
Qxd3 R8xd3 28. Kc1 Rd6 29. Rhg1 Kc8 30. a4 Rh2 31. Rd1 Rxd1+ 32. Kxd1 Kd7 33.
c4 Ke6 34. Kc1 e4 35. Kb2 Ke5 36. Kc3 Rf2 37. b4 e3 38. a5 Ke4 39. b5 e2 40.
Re1 Ke3 41. c5 c6 0-1

[Event "2. Bundesliga Ost 2013/2014"]
[Site "Wien"]
[Date "2013.10.05"]
[Round "1"]
[Board "5"]
[White "Batyte, Daiva"]
[Black "Gstach, Jakob"]
[Result "1/2-1/2"]
[WhiteElo "2135"]
[BlackElo "2209"]
[PlyCount "111"]
[EventDate "2013.10.05"]
[EventType "team"]
[EventRounds "11"]
[EventCountry "AUT"]
[WhiteTeam "Blackburne Nickelsdorf"]
[BlackTeam "SG Hietzing/Ottakring"]

1. c4 b6 2. Nc3 c5 3. b3 g6 4. Bb2 Bg7 5. Nf3 Bb7 6. e3 Nf6 7. d4 cxd4 8. exd4
O-O 9. Be2 d5 10. O-O dxc4 11. bxc4 Nc6 12. d5 Na5 13. Rc1 Ne4 14. Nd4 Nd6 15.
Na4 Ndxc4 16. Bxc4 Nxc4 17. Nc6 Bxc6 18. Bxg7 Bxa4 19. Qxa4 Kxg7 20. Qxc4 Rc8
21. Qe4 Qd7 22. h4 h5 23. Rfe1 Rxc1 24. Rxc1 Rd8 25. Qe5+ f6 26. Qe3 Qb7 27.
Re1 Rd7 28. Qe4 a5 29. Rd1 Rd6 30. Rd3 e5 31. a4 Qc8 32. Rg3 Qe8 33. f4 f5 34.
Qxf5 exf4 35. Qxf4 Rxd5 36. Qc7+ Qf7 37. Qxb6 Rf5 38. Qd4+ Kh7 39. Rg5 Rf1+ 40.
Kh2 Rf4 41. Qe3 Rxh4+ 42. Kg3 Rxa4 43. Re5 Qc7 44. Kh3 Ra3 45. Rxh5+ gxh5 46.
Qxa3 Qe5 47. Qd3+ Kg7 48. g4 hxg4+ 49. Kxg4 Qc5 50. Kf3 Qe5 51. Qd7+ Kf6 52.
Qd8+ Kg6 53. Qg8+ Kf6 54. Qh8+ Ke6 55. Qxe5+ Kxe5 56. Ke3 1/2-1/2

[Event "2. Bundesliga Ost 2013/2014"]
[Site "Wien"]
[Date "2013.10.05"]
[Round "1"]
[Board "6"]
[White "Janetschek, Karl"]
[Black "Bachofner, Christian"]
[Result "1-0"]
[WhiteElo "2238"]
[BlackElo "2076"]
[PlyCount "107"]
[EventDate "2013.10.05"]
[EventType "team"]
[EventRounds "11"]
[EventCountry "AUT"]
[WhiteTeam "SG Hietzing/Ottakring"]
[BlackTeam "Blackburne Nickelsdorf"]

1. e4 c5 2. Nf3 d6 3. d4 cxd4 4. Nxd4 Nf6 5. Nc3 a6 6. Bg5 e6 7. f4 Be7 8. Qf3
Qc7 9. Bd3 Nbd7 10. O-O-O b5 11. Bxf6 gxf6 12. Qh5 Nc5 13. a3 Bd7 14. f5 O-O
15. Rhf1 Kh8 16. Rf3 Rg8 17. Qxf7 Be8 18. Nxe6 Bxf7 19. Nxc7 Ra7 20. N7d5 Bh5
21. Be2 Bxf3 22. Bxf3 Rd8 23. b4 Na4 24. Nxa4 bxa4 25. Rd4 Kg7 26. Rc4 Rb8 27.
Rc6 Kf8 28. Be2 Ke8 29. Rxa6 Rxa6 30. Bxa6 Bd8 31. c4 Kf7 32. Kd2 Bb6 33. Nxb6
Rxb6 34. Bc8 Ke7 35. Kc3 Kd8 36. Be6 Rb7 37. b5 Kc7 38. Kb4 Kb6 39. Kxa4 Kc5
40. Kb3 Rg7 41. Bd5 h6 42. g3 Ra7 43. a4 Ra5 44. g4 Ra7 45. h3 Ra5 46. h4 Ra7
47. g5 hxg5 48. hxg5 fxg5 49. f6 g4 50. e5 Rh7 51. e6 Rh3+ 52. Kc2 Kd4 53. f7
Rh2+ 54. Kb3 1-0

[Event "2. Bundesliga Ost 2013/2014"]
[Site "Wien"]
[Date "2013.10.05"]
[Round "1"]
[Board "2"]
[White "Polak, Thomas"]
[Black "Sardy, Peter"]
[Result "1-0"]
[WhiteElo "2502"]
[BlackElo "2337"]
[PlyCount "137"]
[EventDate "2013.10.05"]
[EventType "team"]
[EventRounds "11"]
[EventCountry "AUT"]
[WhiteTeam "Zwettl"]
[BlackTeam "SK Austria"]

1. d4 d6 2. Nf3 g6 3. c4 Bg7 4. e4 c5 5. d5 e5 6. Nc3 Ne7 7. Be2 O-O 8. h4 h6
9. Bd2 Nd7 10. Qc1 Kh7 11. h5 g5 12. Qc2 Kg8 13. g4 a6 14. Nh2 Nf6 15. f3 Ne8
16. a3 Bd7 17. Nf1 Nc7 18. b4 b6 19. Ne3 Nc8 20. O-O Ne8 21. Rab1 Bf6 22. Rb2
Ng7 23. Rfb1 Qe8 24. Qd1 Kh7 25. Bd3 Bd8 26. Bc2 Rg8 27. Kf2 Qe7 28. Nf5 Bxf5
29. exf5 Kh8 30. Be3 Ne8 31. Ba4 Nf6 32. Bc6 Ra7 33. Qc2 Qc7 34. Kg2 Qe7 35.
Bf2 Qf8 36. Bg3 Bc7 37. Qe2 Qe7 38. Re1 Qd8 39. Ba4 Ne7 40. bxc5 bxc5 41. Ne4
Nxe4 42. Qxe4 f6 43. Reb1 Ba5 44. Rb7 Nc8 45. R7b3 Rgg7 46. R1b2 Rge7 47. Bc6
Kg7 48. Qc2 Kf7 49. Rb1 Qc7 50. R3b2 Nb6 51. Kf1 Kg7 52. Ke2 Kf7 53. Kd3 Kg7
54. Rb3 Kf7 55. R1b2 Kg7 56. Bf2 Kf7 57. Be3 Nd7 58. Ke4 Nb6 59. Bf2 Kg7 60.
Bg3 Kf7 61. Kd3 Kg7 62. Qb1 Nc8 63. Ke4 Kf7 64. Rb8 Kg7 65. Kd3 Kf7 66. R2b7
Rxb7 67. Qxb7 Na7 68. Qa8 Nxc6 69. Rf8+ 1-0

[Event "2. Bundesliga Ost 2013/2014"]
[Site "Wien"]
[Date "2013.10.05"]
[Round "1"]
[Board "3"]
[White "Staudner, Oliver"]
[Black "Blatny, Pavel"]
[Result "1/2-1/2"]
[WhiteElo "2392"]
[BlackElo "2414"]
[PlyCount "56"]
[EventDate "2013.10.05"]
[EventType "team"]
[EventRounds "11"]
[EventCountry "AUT"]
[WhiteTeam "SK Austria"]
[BlackTeam "Zwettl"]

1. e4 g6 2. d4 c6 3. Nc3 d5 4. Nf3 Bg7 5. h3 Nf6 6. Bd3 dxe4 7. Nxe4 Nxe4 8.
Bxe4 Nd7 9. O-O O-O 10. c3 e5 11. dxe5 Nxe5 12. Nxe5 Qxd1 13. Rxd1 Bxe5 14. Be3
Re8 15. Bf3 Be6 16. Rd2 Bc7 17. a3 a6 18. g4 Rad8 19. Rad1 Rxd2 20. Rxd2 f5 21.
Kg2 Rd8 22. Rxd8+ Bxd8 23. Be2 Kf7 24. Kg3 fxg4 25. hxg4 Bc7+ 26. Kh4 Bd8+ 27.
Kg3 Bc7+ 28. Kh4 Bd8+ 1/2-1/2

[Event "2. Bundesliga Ost 2013/2014"]
[Site "Wien"]
[Date "2013.10.05"]
[Round "1"]
[Board "4"]
[White "Wagner, Stefan"]
[Black "Druckenthaner, Andreas"]
[Result "0-1"]
[WhiteElo "2178"]
[BlackElo "2324"]
[PlyCount "142"]
[EventDate "2013.10.05"]
[EventType "team"]
[EventRounds "11"]
[EventCountry "AUT"]
[WhiteTeam "Zwettl"]
[BlackTeam "SK Austria"]

1. c4 g6 2. g3 Bg7 3. Bg2 Nc6 4. Nc3 d6 5. e4 e5 6. Nge2 Be6 7. d3 Qd7 8. O-O
Bh3 9. f4 Bxg2 10. Kxg2 Nge7 11. Nd5 Nxd5 12. cxd5 Ne7 13. Be3 c6 14. dxc6 bxc6
15. d4 exf4 16. Bxf4 O-O 17. Nc3 Rab8 18. Qd2 f5 19. Rae1 fxe4 20. Rxe4 Nf5 21.
d5 Qb7 22. Rf2 Bxc3 23. bxc3 cxd5 24. Rb4 Qc6 25. Kg1 Rxb4 26. cxb4 d4 27. Qd3
Qd5 28. Bd2 Re8 29. Qb3 Qxb3 30. axb3 h5 31. Kg2 Ne3+ 32. Kg1 Ng4 33. Rg2 Re4
34. h3 Ne5 35. Kf1 Nf3 36. Rf2 Nxd2+ 37. Rxd2 Kf7 38. Ra2 Re3 39. Rxa7+ Ke6 40.
Kf2 Rxb3 41. Rg7 Kf6 42. Rd7 Ke5 43. Rg7 Kf5 44. Rd7 Rb2+ 45. Kf3 Rb3+ 46. Kf2
d5 47. Rxd5+ Ke4 48. Rd6 Rb2+ 49. Ke1 g5 50. Rg6 Ke3 51. Kd1 g4 52. hxg4 hxg4
53. Kc1 Rg2 54. Re6+ Kd3 55. b5 Rc2+ 56. Kd1 Rb2 57. Kc1 Rxb5 58. Rg6 Kc3 59.
Rc6+ Kd3 60. Rg6 Rc5+ 61. Kd1 Rh5 62. Kc1 Rh3 63. Rxg4 Kc3 64. Rh4 Rxg3 65. Kd1
Rg1+ 66. Ke2 d3+ 67. Kf2 Ra1 68. Rh8 d2 69. Rc8+ Kb4 70. Rb8+ Kc5 71. Rc8+ Kb6
 0-1